000 00575nam a2200157 i 4500
001 25692
003 ES-MaACL
007 t|
008 030102s1968 sp ||||1| spa d
100 1 _aAristarco, Guido.
_922850
245 1 0 _aHistoria de las teorías cinematográficas /
_cGuido Aristarco ; traducción de Andrés Boglar ; edición revisada y ampliada con una introducción del autor a la edición española.
260 _aBarcelona :
_bLumen,
_c[1968]
300 _a461 p., 27 lám. ;
_c19 cm.
700 1 _aBoglar, Andrés.
_929804
852 _aES-MaACL
_jG-4082
_bR.66282
999 _c25692
_d25692